[Event "FRA-ch U14 Girls"]
[Site "Saint Paul Trois Chateaux"]
[Date "2013.05.04"]
[Round "7"]
[White "Khenfir, Helene"]
[Black "Schwindling, Marie"]
[Result "1-0"]
[WhiteElo "1484"]
[BlackElo "1518"]
[PlyCount "96"]
[EventDate "2013.04.28"]
[EventType "swiss"]
[EventRounds "9"]
[EventCountry "FRA"]
[SourceTitle "CBM 154 Extra"]
[Source "ChessBase"]
[SourceDate "2013.06.25"]
[SourceVersion "2"]
[SourceVersionDate "2013.06.25"]
[SourceQuality "1"]

1. Nf3 e6 2. d4 d5 3. Bf4 Nf6 4. c3 Be7 5. e3 c6 6. Bd3 Nbd7 7. Nbd2 c5 8. Ne5 c4 9. Bc2 Bd6 10. Nxf7 Kxf7 11. Bxd6 Qb6 12. Ba3 Re8 13. Nf3 Kg8 14. Ng5 h6 15. h4 hxg5 16. hxg5 e5 17. gxf6 Nxf6 18. Bg6 Re6 19. dxe5 Rxe5 20. Qc2 Ne4 21. Bh7+ Kf7 22. Bxe4 Rxe4 23. 0-0-0 Qc6 24. Qe2 Bf5 25. Qh5+ Qg6 26. Qxg6+ Kxg6 27. Rxd5 Rg4 28. Rd6+ Kf7 29. g3 Rg6 30. Rxg6 Kxg6 31. Rh4 Bd3 32. Bc5 b6 33. Bd4 Rf8 34. Rf4 Rh8 35. Rh4 Rxh4 36. gxh4 Kh5 37. Bxg7 Kxh4 38. Kd2 Kg4 39. Bd4 Kf3 40. b4 Kxf2 41. e4+ Kg3 42. e5 Bf5 43. a4 Kf4 44. a5 bxa5 45. bxa5 a6 46. Bb6 Be6 47. Bd8 Bf5 48. Kc1 Ke3 1-0